Statistics for Asian Geography by Letter - N

Click here to take the quiz!

General Stats

  • This quiz has been taken 62 times
  • The average score is 12 of 20

Answer Stats

HintAnswer% Correct
Country in the HimalayasNepal
100%
Capital of IndiaNew Delhi
100%
Totalitarian state ruled by Kim Jong UnNorth Korea
98%
Capital of CyprusNicosia
97%
Japanese city subject to an atomic bombing in World War IINagasaki
93%
Arab majority city in Israel known for being the hometown of JesusNazareth
93%
One of the four "great ancient capitals of China"; was most recently the capital in 1949Nanjing
92%
Planned city that became capital of Myanmar in 2005Naypyidaw
85%
Third or fourth largest city in JapanNagoya
78%
Third largest city in Russia and largest in SiberiaNovosibirsk
73%
Desert region of southern IsraelNegev
67%
Unrecognized Turkish state in the MediterraneanNorthern Cyprus
67%
Archipelago which includes the southernmost point in IndiaNicobar Islands
32%
Majority Christian state in eastern IndiaNagaland
25%
Capital of the ancient Assyrian Empire, and at one time the largest city in the worldNineveh
25%
Ancient Arab people group who lived in northwest Arabia and the Sinai PeninsulaNabataeans
15%
Central region of Saudi ArabiaNajd
13%
Exclave of Azerbaijan between Armenia, Turkey, and IranNakhchivan
13%
Tallest mountain in Afghanistan; located on the Pakistan borderNoshaq
13%
Russian archipelago in the Arctic Ocean where numerous bones from Ice Age animals have been discoveredNew Siberian Islands
10%

Score Distribution

Percentile by Number Answered

Percent of People with Each Score

Your Score History

You have not taken this quiz